000 01022cam a2200289 i 4500
001 18165423
003 SISC
005 20160929142203.0
008 140527s2015 flu b 001 0 eng
010 _a 2014020715
020 _a9781466508910 (Pack Book and Ebook : acidfree paper)
040 _aDLC
_beng
_cDLC
_erda
_dDLC
042 _apcc
050 0 0 _aQA 76.9.I52
_b.M86 2015
082 0 0 _a001.4/226
100 1 _aMunzner, Tamara.
245 1 0 _aVisualization analysis and design /
_cTamara Munzner, Department of Computer Science, University of British Columbia.
260 _aLondon :
_bCRC Press,
_c2015.
300 _axxiii, 404 pages ;
_c25 cm
490 0 _aA.K. Peters visualization series
500 _aIncludes bibliographical references and indexes.
500 _a"An A K Peters Book."
650 0 _aInformation visualization.
906 _a7
_bcbc
_corignew
_d1
_eecip
_f20
_gy-gencatlg
942 _2lcc
_cBK
999 _c305136
_d305136